000
00205 a2200109 4500
020
_a
9781512441314
041
_a
spa
100
_a
Kenan, Tessa
245
_a
Es un chimpance
942
_c
BK
952
_7
1
999
_c
20500
_d
20500